Ở Bác là sự thống nhất nhuần nhuyễn giữa nước với dân, giữa quốc gia với quốc tế, giữa lý tưởng độc lập dân tộc với lý tưởng Xã hội Chủ nghĩa /

محفوظ في:
التفاصيل البيبلوغرافية
المؤلف الرئيسي: Trương Tấn Sang.
التنسيق: مقال
اللغة:Vietnamese
الموضوعات:
الوسوم: إضافة وسم
لا توجد وسوم, كن أول من يضع وسما على هذه التسجيلة!
Thư viện lưu trữ: Thư viện Trường Đại học Đà Lạt
LEADER 00910nam a2200265 4500
001 DLU090073190
005 ##20090508
040 # # |a DLU  |b vie 
041 # # |a vie 
044 # # |a vn 
100 # # |a Trương Tấn Sang. 
245 # # |a Ở Bác là sự thống nhất nhuần nhuyễn giữa nước với dân, giữa quốc gia với quốc tế, giữa lý tưởng độc lập dân tộc với lý tưởng Xã hội Chủ nghĩa /  |c Trương Tấn Sang. 
653 # # |a Diễn văn 
653 # # |a Tư tưởng cách mạng 
653 # # |a Tư tưởng Hồ Chí Minh 
773 # # |t Khoa học Xã hội  |g Số 32, 1997, tr. 9-13 
920 # # |a Phòng Tạp chí -- Trung tâm Thông tin - Thư viện Trường Đại học Đà Lạt 
994 # # |a DLU 
900 # # |a True 
911 # # |a Nguyễn Thanh Hương 
925 # # |a G 
926 # # |a A 
927 # # |a BB 
980 # # |a Thư viện Trường Đại học Đà Lạt